[Event "Olympiad Women-39"]
[Site "Khanty-Mansiysk"]
[Date "2010.09.24"]
[Round "4.54"]
[White "Nakagawa, Emiko"]
[Black "Sari Esther, D."]
[Result "1-0"]
[WhiteElo "1806"]
[BlackElo "1905"]
[PlyCount "69"]
[EventDate "2010.09.21"]
[EventType "team-swiss"]
[EventRounds "11"]
[EventCountry "RUS"]
[SourceTitle "CBM 139"]
[Source "ChessBase"]
[SourceDate "2010.11.18"]
[SourceVersion "1"]
[SourceVersionDate "2010.11.18"]
[SourceQuality "1"]
[WhiteTeam "Japan (W)"]
[BlackTeam "Honduras (W)"]
[WhiteTeamCountry "JPN"]
[BlackTeamCountry "HON"]

1. d4 d5 2. c4 dxc4 3. e3 Nf6 4. Bxc4 e6 5. Nc3 Bb4 6. Qc2 Nbd7 7. a3 Be7 8. Nf3 c5 9. 0-0 cxd4 10. Nxd4 0-0 11. b4 Qc7 12. Be2 a6 13. Bb2 Nd5 14. Rac1 Qd6 15. Ne4 Qb6 16. Nf3 N7f6 17. Nxf6+ Bxf6 18. Bxf6 Nxf6 19. Rfd1 Rd8 20. Rxd8+ Qxd8 21. Ne5 Nd7 22. Rd1 Qe7 23. Qc7 b5 24. Nxd7 Bxd7 25. Rxd7 Qf6 26. Qc1 g6 27. Bf3 Rb8 28. h3 Kg7 29. Qc7 Rf8 30. Qc1 Rb8 31. Rc7 Rb6 32. Qc3 e5 33. Rc6 Rxc6 34. Qxc6 Qxc6 35. Bxc6 1-0

[Event "Olympiad Women-39"]
[Site "Khanty-Mansiysk"]
[Date "2010.09.23"]
[Round "3.51"]
[White "Sari Esther, D."]
[Black "Matoussi, Amina"]
[Result "0-1"]
[WhiteElo "1905"]
[BlackElo "1772"]
[PlyCount "82"]
[EventDate "2010.09.21"]
[EventType "team-swiss"]
[EventRounds "11"]
[EventCountry "RUS"]
[SourceTitle "CBM 139"]
[Source "ChessBase"]
[SourceDate "2010.11.18"]
[SourceVersion "1"]
[SourceVersionDate "2010.11.18"]
[SourceQuality "1"]
[WhiteTeam "Honduras (W)"]
[BlackTeam "Tunisia (W)"]
[WhiteTeamCountry "HON"]
[BlackTeamCountry "TUN"]

1. e4 d6 2. Nf3 Nf6 3. Nc3 g6 4. Bc4 Bg7 5. d4 0-0 6. Qe2 Nbd7 7. Bg5 e5 8. dxe5 Nxe5 9. Nxe5 dxe5 10. 0-0 c6 11. Kh1 b5 12. Bd3 h6 13. Be3 Qe7 14. Qd2 Ng4 15. h3 Nxe3 16. Qxe3 Be6 17. a3 f5 18. f4 exf4 19. Qxf4 g5 20. Qf3 f4 21. Rfe1 Be5 22. Be2 Rad8 23. Rad1 Qc5 24. Rxd8 Rxd8 25. Rd1 Rxd1+ 26. Bxd1 Bxc3 27. Qxc3 Qxc3 28. bxc3 Kf7 29. Kg1 Kf6 30. Kf2 Ke5 31. Bf3 c5 32. Ke2 c4 33. Bh5 Kxe4 34. Be8 a6 35. Bc6+ Bd5 36. Bd7 Bb7 37. Bg4 Ke5 38. Bf3 Bxf3+ 39. gxf3 h5 40. Kf2 Kf5 41. Kf1 g4 0-1

[Event "Olympiad Women-39"]
[Site "Khanty-Mansiysk"]
[Date "2010.09.22"]
[Round "2.46"]
[White "Terao, Juliana Sayumi"]
[Black "Sari Esther, D."]
[Result "1-0"]
[WhiteElo "2138"]
[BlackElo "1905"]
[PlyCount "65"]
[EventDate "2010.09.21"]
[EventType "team-swiss"]
[EventRounds "11"]
[EventCountry "RUS"]
[SourceTitle "CBM 139"]
[Source "ChessBase"]
[SourceDate "2010.11.18"]
[SourceVersion "1"]
[SourceVersionDate "2010.11.18"]
[SourceQuality "1"]
[WhiteTeam "Brazil (W)"]
[BlackTeam "Honduras (W)"]
[WhiteTeamCountry "BRA"]
[BlackTeamCountry "HON"]

1. e4 e5 2. Nf3 Nc6 3. Bb5 d6 4. d4 exd4 5. Nxd4 Bd7 6. Nc3 Nf6 7. 0-0 Be7 8. Re1 0-0 9. h3 a6 10. Bxc6 Bxc6 11. Nf5 Re8 12. Qf3 Bd7 13. Nxe7+ Qxe7 14. Bg5 Qe5 15. Bxf6 Qxf6 16. Qxf6 gxf6 17. Nd5 Red8 18. Nxf6+ Kg7 19. Nd5 Rac8 20. Rad1 Re8 21. f4 Re6 22. f5 Re5 23. f6+ Kf8 24. Ne7 Rd8 25. Rd3 Rg5 26. Ree3 Bc6 27. Rg3 Rxg3 28. Rxg3 Ke8 29. Nxc6 bxc6 30. Rg7 Kd7 31. Rxf7+ Ke6 32. Rxh7 Kxf6 33. Rxc7 1-0